Beyond the Nile : Egypt and the classical world /

محفوظ في:

المؤلف الرئيسي: Spier, Jeffrey (مؤلف)

مؤلفون آخرون: Cole, Sara E., Potts, Timothy F.

التنسيق: كتاب

اللغة: English

منشور في: Los Angeles : The J.Paul Getty Museum, 2018.

الموضوعات:

الوسوم: إضافة وسم

لا توجد وسوم, كن أول من يضع وسما على هذه التسجيلة!

رقم الطلب: N5603 .L67 J253

LEADER 01279namaa2200301 4500
003 OSt
005 20200723091305.0
008 130303s2018 cauab g bc 001 0 eng d
952 |0 0  |1 0  |2 lcc  |4 0  |6 N5603 L67 J253  |7 1  |9 4180  |a ARCE  |b ARCE  |d 2020-07-23  |l 0  |o N5603 .L67 J253  |p 1007987  |r 2020-07-23 00:00:00  |w 2020-07-23  |y BK 
999 |c 7423  |d 7423 
040 |c ARCE Library 
043 |a f-ua--- 
050 0 4 |a N5603 .L67 J253 
100 1 |a Spier, Jeffrey,  |e author 
245 1 0 |a Beyond the Nile :  |b Egypt and the classical world /  |c Jeffrey Spier, Timothy Potts, Sara E. Cole. 
264 1 |a Los Angeles :  |b The J.Paul Getty Museum,  |c 2018. 
300 |a xv, 344 pages :  |b illustrations, maps ;  |c 30 cm. 
336 |a text  |b txt  |2 rdacontent 
337 |a unmediated  |b n  |2 rdamedia 
338 |a volume  |b nc  |2 rdacarrier 
500 |a "This publication is issued on the occasion of the exhibition Beyond the Nile: Egypt and the Classical World, on view at the J. Paul Getty Museum at the Getty Center, Los Angeles, from March 27 to September 9, 2018. 
504 |a Includes bibliographical references and index. 
650 0 |a Art objects, Egyptian  |v Exhibitions. 
650 0 |a Art, Classical  |v Exhibtions. 
700 1 |a Cole, Sara E. 
700 1 |a Potts, Timothy F. 
901 |a reviewed 
942 |c BK  |2 lcc